• 首页
  • 本馆介绍
  • 公告通知
  • 最新文献
  • 馆藏检索
  • 电子资源
  • 读者导购
  • 参考咨询
  • 我的图书馆
  • 登录
  • 详细信息显示
  • 放入我的书架
  • 预约/预借图书
  • 作者相关作品
  • 分类相关作品
  • 丛书相关作品
  • 出版社相关作品

书目信息

  • 表格格式
  • 工作单格式
  • 卡片格式
题名:
果树盆栽实用技术
    
 
作者: 姜淑苓 , 贾敬贤 主编
分册:  
出版信息: 北京   金盾出版社  2009
页数: 270页, [10] 页图版
开本: 21cm
丛书名:
单 册:
中图分类: S686
科图分类:
主题词: 果树--guo shu--盆栽
电子资源:
ISBN: 978-7-5082-5451-7
000 00726nam0 2200241 45
001 012001002048
005 20131109155849.0
010    @a978-7-5082-5451-7@dCNY25.00
099    @aCAL 012009073728
100    @a20090519d2009 ekmy0chiy50 ea
101 0  @achi
102    @aCN@b110000
105    @aaf z 000yy
106    @ar
200 1  @a果树盆栽实用技术@Aguo shu pen zai shi yong ji shu@f主编姜淑苓, 贾敬贤@f编著者姜淑苓 ... [等]
210    @a北京@c金盾出版社@d2009
215    @a270页, [10] 页图版@c图@d21cm
606 0  @a果树@Aguo shu@x盆栽
690    @aS686@v4
701  0 @a姜淑苓@Ajiang shu ling@4主编
701  0 @a贾敬贤@Ajia jing xian@4主编
801  0 @aCN@b北京卓展@c20191020
905    @b1199496-9@dS686@e565@f4
    
    果树盆栽实用技术/主编姜淑苓, 贾敬贤/编著者姜淑苓 ... [等].-北京:金盾出版社,2009
    270页, [10] 页图版:图;21cm
    
    
    ISBN 978-7-5082-5451-7:CNY25.00
    
●
相关链接 在E读中查询图书 在五车中查询图书 在当当中查询图书 在豆瓣中查询图书


正题名:果树盆栽实用技术     索取号:S686/565         预约/预借

序号 登录号 条形码 馆藏地/架位号 状态 备注
1 1199496   211994966   第二样本阅览室/ [索取号:S686/565] 在馆    
2 1199497   211994975   第三借阅区/ [索取号:S686/565] 在馆    
3 1199498   211994984   第三借阅区/ [索取号:S686/565] 在馆    
4 1199499   211994993   第三借阅区/ [索取号:S686/565] 在馆    
唐山师范学院图书馆 欢迎您!
大连网信软件有限公司© 版权所有